00344nam a2200109Ia 4500008004100000020001400041040002900055050002600084100002100110245006400131260003900195221021s9999||||xx |||||||||||||| ||und|| a767408179 cChuka University Library aPN 4121 b.B 777 1999 aBrydon,Steven R. 0aBetween one and many:The art and science of public speaking aNew YorkbHarper and Row Pubc1999